| 000 | 00335nam a2200121Ia 4500 | ||
|---|---|---|---|
| 008 | 190722s9999 xx 000 0 und d | ||
| 020 | _a978-81-265-5667-0 | ||
| 100 | _aWalker, et al. | ||
| 245 | 0 | _aProfessional DNN7 Open Source.Net CMS Platform | |
| 260 |
_aNew Delhi _bJohn Wiley & Sons.Inc. (India) _c2015 |
||
| 300 | _a718 | ||
| 942 | _cBK | ||
| 999 |
_c354 _d354 |
||